<?xml version="1.0" encoding="UTF-8"?>
<marc:record xmlns:marc="http://www.loc.gov/MARC21/slim">
   <marc:leader>00000nam a2200000 a 4500</marc:leader>
   <marc:datafield ind1="1" ind2=" " tag="100">
      <marc:subfield code="a">Bernard-Opitz, Vera</marc:subfield>
      <marc:subfield code="4">aut</marc:subfield>
      <marc:subfield code="e">Verfasser/-in</marc:subfield>
   </marc:datafield>
   <marc:datafield ind1="1" ind2=" " tag="100">
      <marc:subfield code="a">Häußler, Anne</marc:subfield>
      <marc:subfield code="4">aut</marc:subfield>
      <marc:subfield code="e">Verfasser/-in</marc:subfield>
   </marc:datafield>
   <marc:datafield ind1=" " ind2=" " tag="653">
      <marc:subfield code="a">Frühkindlicher Autismus</marc:subfield>
   </marc:datafield>
   <marc:datafield ind1=" " ind2=" " tag="653">
      <marc:subfield code="a">Visuelles Lernen</marc:subfield>
   </marc:datafield>
   <marc:datafield ind1="0" ind2="0" tag="245">
      <marc:subfield code="a">Praktische Hilfen für Kinder mit Autismus-Spektrum-Störungen (ASS)</marc:subfield>
   </marc:datafield>
   <marc:datafield ind1="0" ind2="0" tag="245">
      <marc:subfield code="b">Fördermaterialien für visuell Lernende</marc:subfield>
   </marc:datafield>
   <marc:datafield ind1="0" ind2="0" tag="245">
      <marc:subfield code="c">Vera Bernard-Opitz ; Anne Häußler</marc:subfield>
   </marc:datafield>
   <marc:datafield ind1=" " ind2="1" tag="264">
      <marc:subfield code="a">Stuttgart</marc:subfield>
      <marc:subfield code="b">Kohlhammer</marc:subfield>
      <marc:subfield code="c">2010</marc:subfield>
   </marc:datafield>
   <marc:datafield ind1="1" ind2=" " tag="520">
      <marc:subfield code="a">Angaben aus der Verlagsmeldung

Praktische Hilfen für Kinder mit Autismus-Spektrum-Störungen (ASS) : Fördermaterialien für visuell Lernende / von Anne Häußler, Vera Bernard-Opitz

Kinder und Jugendliche mit Autismus-Spektrum-Störungen, Lern- und Entwicklungsproblemen benötigen strukturierte Methoden, um wirksam lernen zu können. Visuelle Hilfen sind hierbei von zentraler Bedeutung.
Das Werk bietet anhand zahlreicher Farbfotos eine Vielzahl von praktischen Anregungen, Strategien und Materialien zum Umgang mit Verhaltensproblemen, zur Förderung von Motivation und Arbeitsverhalten sowie zur Entwicklung konkreter Fähigkeiten. Der Leser bekommt Anregungen zum Erstellen der Materialien sowie klare Bezugshinweise.
</marc:subfield>
   </marc:datafield>
   <marc:datafield ind1=" " ind2=" " tag="020">
      <marc:subfield code="a">9783170203983</marc:subfield>
      <marc:subfield code="9">9783170203983</marc:subfield>
   </marc:datafield>
   <marc:datafield ind1=" " ind2=" " tag="041">
      <marc:subfield code="a">ger</marc:subfield>
   </marc:datafield>
   <marc:datafield ind1=" " ind2=" " tag="300">
      <marc:subfield code="a">242 S.</marc:subfield>
   </marc:datafield>
</marc:record>
